Najczęściej wyszukiwane strony internetowe - Statystyki

Ogólne statystyki
  • Ten quiz został rozwiązany 34 razy
  • Średni wynik to 4 z 10
Statystyki odpowiedzi
Hint Odpowiedź % Poprawnych
1 Google
81%
2 YouTube
70%
3 Facebook
63%
6 Instagram
63%
8 PornHub
48%
7 Wikipedia
44%
5 X
37%
4 Amazon
22%
9 Chatgpt
15%
10 Baidu
0%
Nie znaleziono quizów pasujących do podanych kryteriów
Rozkład punktacji
Procent ludzi z każdym wynikiem
Percentyl według liczby udzielonych odpowiedzi
Twoja historia wyników
Nie rozwiązałeś tego quizu